Sudden Death - Länder der EU - Statistiken

Allgemein
  • Dieses Quiz wurde 607 mal gespielt
  • Das Durchschnittsergebnis liegt bei 8 aus 14
Answers on the Grid
Answers color-coded by a green-red scale on the quiz's grid according to % correct below.
Deutschland
Belgien
Bulgarien
Estland
Irland
Österreich
Malta
Polen
Norwegen
Albanien
Russland
Ukraine
Türkei
Portugal
Schweden
Kroatien
Kosovo
Liechtenstein
Serbien
Slowenien
Slowakei
Nordmazedonien
Finnland
Schweiz
 
Antwortstatistiken
Antwort % Korrekt
Deutschland
75%
Polen
69%
Portugal
69%
Belgien
67%
Österreich
67%
Kroatien
60%
Irland
55%
Schweden
53%
Estland
52%
Slowenien
52%
Finnland
47%
Malta
44%
Slowakei
43%
Bulgarien
37%
Keine übereinstimmenden Quizze gefunden
Verteilung der Resultate
Anzahl Personen mit jedem Resultat
Perzentil nach korrekt beantworteten Fragen
Ihre Resultats-Entwicklung
Sie haben dieses Quiz noch nicht gespielt